00476nam a2200109Ia 4500008004100000100002200041245014800063260003300211300001800244650001900262856008500281160712s9999 xx 000 0 und d aMelgar, Teresa R. cTeresa R. MelgaraThe Perilous Paths of Deeper Democracy: Understanding the Rise and Decline of Participatory Budgeting in Porto Alegre, Brazil c2015bSocial Science Diliman avol. 11 no. 2 xSOCIAL SCIENCE uhttp://journals.upd.edu.ph/index.php/socialsciencediliman/issue/view/510/showToc